000 00795nam a22001337a 4500
040 _cRUA
082 _aAGR OEN 2021 B1-570 Or.
100 _aOENG SOKNENG អ៊ឹង សុខណេង
245 _aIN-VITRO RESPONSES OF CAMBODIAN BANANA (MUSA SPP.) Var ORMBONG ON SHOOT PROLIFERATION AND GROWTH TO COMBINATION EFFECTS OF AUXIN AND CYTOKININ ចម្លើយតបទៅលើការបែកដើម និងលូតលាស់របស់ចេកអំបូងទៅនិងការប្រើប្រាស់អ័រម៉ូនអុកស៊ីន និងសុីតូគីនីន
260 _aPHNOM PENH
_bRUA
_c2021
300 _aVIII.26P
_bVI.
_c29CM
856 _uhttps://drive.google.com/file/d/1_gwxh2IXeHBK8qe7KjaQvsjhK1BrqBRR/view?usp=sharing
942 _cAGR
999 _c22765
_d22765